[Event "DVM U14w 2017"]
[Site "Neumünster GER"]
[Date "2017.12.29"]
[Round "5"]
[White "Peglau, Charis"]
[Black "Schneider, Anna"]
[Result "0-1"]
[Termination "normal"]
[Board "3.3"]
[WhiteElo "1193"]
[BlackElo "1374"]
[WhiteClock "00:27:33"]
[BlackClock "00:28:03"]
[WhiteTeam "Schachzentrum Seeblick"]
[BlackTeam "SF Sasbach"]
[PlyCount "174"]
[WhiteFideId "16219996"]
[BlackFideId "16200527"]
[EventCountry "GER"]
[EventRounds "7"]
[EventType "team-swiss"]
[EventDate "2017.12.26"]

1. c4 {[%clk 1:30:58]} e5 {[%clk 1:30:54]} 2. Nc3 {[%clk 1:31:03]} c5 {[%clk
1:30:35]} 3. g3 {[%clk 1:30:58]} Nf6 {[%clk 1:30:22]} 4. Bg2 {[%clk 1:31:18]}
Be7 {[%clk 1:30:09]} 5. e3 {[%clk 1:30:50]} d6 {[%clk 1:30:19]} 6. Nge2 {[%clk
1:30:28]} O-O {[%clk 1:30:08]} 7. O-O {[%clk 1:30:35]} Qd7 {[%clk 1:29:52]} 8.
d4 {[%clk 1:29:07]} cxd4 {[%clk 1:29:06]} 9. exd4 {[%clk 1:29:27]} Nc6 {[%clk
1:28:51]} 10. b3 {[%clk 1:29:01]} Re8 {[%clk 1:27:02]} 11. Bb2 {[%clk 1:28:24]}
Qg4 {[%clk 1:22:24]} 12. Nb5 {[%clk 1:27:06]} Rd8 {[%clk 1:20:29]} 13. Re1
{[%clk 1:12:02]} a6 {[%clk 1:18:40]} 14. Na3 {[%clk 1:10:09]} Bd7 {[%clk
1:16:59]} 15. Nc2 {[%clk 1:07:06]} Re8 {[%clk 1:15:47]} 16. Ne3 {[%clk
0:57:56]} Qh5 {[%clk 1:13:21]} 17. Qc2 {[%clk 0:50:33]} Rad8 {[%clk 1:09:57]}
18. Rad1 {[%clk 0:50:24]} Ng4 {[%clk 1:06:49]} 19. Nxg4 {[%clk 0:48:38]} Bxg4
{[%clk 1:05:14]} 20. Rd2 {[%clk 0:45:56]} Bg5 {[%clk 1:00:27]} 21. Rdd1 {[%clk
0:36:20]} exd4 {[%clk 0:57:38]} 22. Bf1 {[%clk 0:34:31]} Ne5 {[%clk 0:53:02]}
23. Nxd4 {[%clk 0:27:51]} Bxd1 {[%clk 0:52:07]} 24. Rxd1 {[%clk 0:24:42]} Nf3+
{[%clk 0:49:36]} 25. Nxf3 {[%clk 0:24:59]} Qxf3 {[%clk 0:49:22]} 26. Bg2 {[%clk
0:18:32]} Qe2 {[%clk 0:46:17]} 27. Qb1 {[%clk 0:17:03]} b5 {[%clk 0:43:12]} 28.
cxb5 {[%clk 0:17:05]} Qxb5 {[%clk 0:42:31]} 29. Rd5 {[%clk 0:16:01]} Qb4 {[%clk
0:39:46]} 30. Rd1 {[%clk 0:13:59]} d5 {[%clk 0:30:56]} 31. Qa1 {[%clk 0:11:54]}
f6 {[%clk 0:26:04]} 32. Bc3 {[%clk 0:11:47]} Qc5 {[%clk 0:24:06]} 33. b4 {[%clk
0:10:41]} Qb5 {[%clk 0:22:26]} 34. Qb1 {[%clk 0:09:18]} Qc6 {[%clk 0:19:37]}
35. Qb3 {[%clk 7:09:01]} Kh8 {[%clk 0:18:42]} 36. Bxd5 {[%clk 0:08:52]} Qb5
{[%clk 0:16:48]} 37. Bg2 {[%clk 0:07:54]} Rxd1+ {[%clk 0:16:22]} 38. Qxd1
{[%clk 0:08:10]} Qc4 {[%clk 0:16:06]} 39. Qa1 {[%clk 0:07:50]} Rc8 {[%clk
0:15:46]} 40. Bb2 {[%clk 0:04:13]} Qxb4 {[%clk 0:15:27]} 41. a3 {[%clk
0:03:56]} Qb3 {[%clk 0:13:18]} 42. Bf1 {[%clk 0:03:46]} Rc2 {[%clk 0:11:25]}
43. Qd1 {[%clk 0:02:09]} Rxb2 {[%clk 0:10:47]} 44. Qd8+ {[%clk 0:01:10]} Qg8
{[%clk 0:11:07]} 45. Qd4 {[%clk 0:01:08]} Qb8 {[%clk 0:10:53]} 46. Bxa6 {[%clk
0:00:40]} f5 {[%clk 0:08:37]} 47. Qc5 {[%clk 0:29:49]} Bf6 {[%clk 0:37:42]} 48.
Qxf5 {[%clk 0:29:15]} Qa8 {[%clk 0:36:36]} 49. Bd3 {[%clk 0:28:56]} Qg8 {[%clk
0:36:22]} 50. a4 {[%clk 0:28:40]} Rb6 {[%clk 0:33:53]} 51. a5 {[%clk 0:28:53]}
Rd6 {[%clk 0:33:44]} 52. a6 {[%clk 0:28:57]} Rd5 {[%clk 0:31:54]} 53. Qe4
{[%clk 0:28:07]} Re5 {[%clk 0:32:06]} 54. Qb7 {[%clk 0:27:38]} Re7 {[%clk
0:31:08]} 55. Qf3 {[%clk 0:26:54]} Bd4 {[%clk 0:29:53]} 56. Qf4 {[%clk
0:26:27]} Re1+ {[%clk 0:29:00]} 57. Bf1 {[%clk 0:24:44]} Bc5 {[%clk 0:26:34]}
58. Qd2 {[%clk 0:24:27]} Qe8 {[%clk 0:25:44]} 59. Qa2 {[%clk 0:23:21]} Qb5
{[%clk 0:24:03]} 60. Kg2 {[%clk 0:20:30]} Qxf1+ {[%clk 0:24:02]} 61. Kf3 {[%clk
0:20:31]} Qh1+ {[%clk 0:23:39]} 62. Kg4 {[%clk 0:20:28]} Re4+ {[%clk 0:23:30]}
63. f4 {[%clk 0:20:23]} Qd1+ {[%clk 0:23:15]} 64. Kh4 {[%clk 0:20:17]} Be7+
{[%clk 0:23:17]} 65. Kh3 {[%clk 0:20:27]} Qh5+ {[%clk 0:23:31]} 66. Kg2 {[%clk
0:20:37]} Re2+ {[%clk 0:23:48]} 67. Qxe2 {[%clk 0:20:54]} Qxe2+ {[%clk
0:24:09]} 68. Kh3 {[%clk 0:21:20]} Qxa6 {[%clk 0:24:27]} 69. Kg2 {[%clk
0:21:34]} Qe2+ {[%clk 0:24:20]} 70. Kh3 {[%clk 0:21:58]} Qf3 {[%clk 0:24:34]}
71. f5 {[%clk 0:22:09]} Qxf5+ {[%clk 0:24:52]} 72. Kg2 {[%clk 0:22:33]} Qg4
{[%clk 0:25:06]} 73. Kf2 {[%clk 0:22:45]} Qh3 {[%clk 0:25:15]} 74. Kf3 {[%clk
0:23:03]} Qxh2 {[%clk 0:25:31]} 75. Kg4 {[%clk 0:23:15]} h5+ {[%clk 0:25:39]}
76. Kf3 {[%clk 0:23:38]} g5 {[%clk 0:25:40]} 77. g4 {[%clk 0:23:54]} Qf4+
{[%clk 0:25:41]} 78. Ke2 {[%clk 0:24:18]} Qg3 {[%clk 0:25:52]} 79. gxh5 {[%clk
0:24:41]} Kh7 {[%clk 0:26:02]} 80. h6 {[%clk 0:25:04]} Kxh6 {[%clk 0:26:12]}
81. Kd2 {[%clk 0:25:29]} Qf3 {[%clk 0:26:30]} 82. Kc2 {[%clk 0:25:52]} g4
{[%clk 0:26:44]} 83. Kd2 {[%clk 0:26:15]} g3 {[%clk 0:27:08]} 84. Kc2 {[%clk
0:26:40]} g2 {[%clk 0:27:32]} 85. Kd2 {[%clk 0:27:07]} g1=Q {[%clk 0:27:42]}
86. Kc2 {[%clk 0:27:33]} Qgg2+ {[%clk 0:28:03]} 87. Kc1 Qff1# 0-1

[Event "DVM U14w 2017"]
[Site "Neumünster GER"]
[Date "2017.12.29"]
[Round "5"]
[White "Garbuz, Nicole"]
[Black "Bui, Ngoc Han Julia"]
[Result "1-0"]
[Termination "normal"]
[Board "4.1"]
[WhiteElo "1641"]
[BlackElo "1832"]
[WhiteClock "00:29:11"]
[BlackClock "00:24:43"]
[WhiteTeam "SF Brackel"]
[BlackTeam "SG Leipzig"]
[PlyCount "89"]
[WhiteFideId "12990701"]
[BlackFideId "12977055"]
[EventCountry "GER"]
[EventRounds "7"]
[EventType "team-swiss"]
[EventDate "2017.12.26"]

1. f4 {[%clk 1:30:59]} d5 {[%clk 1:30:56]} 2. b3 {[%clk 1:31:24]} Qd6 {[%clk
1:31:21]} 3. e3 {[%clk 1:23:01]} e5 {[%clk 1:31:46]} 4. Qe2 {[%clk 1:14:24]}
exf4 {[%clk 1:22:53]} 5. exf4+ {[%clk 1:14:37]} Be7 {[%clk 1:20:48]} 6. Bb2
{[%clk 0:59:20]} Nf6 {[%clk 1:20:11]} 7. Be5 {[%clk 0:50:09]} Qd8 {[%clk
1:15:45]} 8. Bxf6 {[%clk 0:42:40]} gxf6 {[%clk 1:16:10]} 9. Nc3 {[%clk
0:40:24]} c5 {[%clk 1:12:16]} 10. Qf3 {[%clk 0:36:20]} Bd7 {[%clk 0:41:48]} 11.
Qxd5 {[%clk 0:32:11]} Bc6 {[%clk 0:41:04]} 12. Bb5 {[%clk 0:26:14]} O-O {[%clk
0:40:20]} 13. Qxd8 {[%clk 0:25:01]} Rxd8 {[%clk 0:40:12]} 14. Bxc6 {[%clk
0:24:42]} Nxc6 {[%clk 0:40:31]} 15. O-O-O {[%clk 0:24:12]} Rac8 {[%clk
0:24:39]} 16. Nf3 {[%clk 0:20:05]} Rd7 {[%clk 0:21:52]} 17. d3 {[%clk 0:16:55]}
Nd4 {[%clk 0:20:13]} 18. Rhf1 {[%clk 0:15:12]} Bd8 {[%clk 0:13:01]} 19. Kb1
{[%clk 0:13:37]} Ba5 {[%clk 0:12:37]} 20. Ne4 {[%clk 0:13:37]} Kg7 {[%clk
0:12:36]} 21. Nxd4 {[%clk 0:12:57]} cxd4 {[%clk 0:11:49]} 22. Rf2 {[%clk
0:11:24]} Bb4 {[%clk 0:08:34]} 23. g4 {[%clk 0:10:48]} Re7 {[%clk 0:05:53]} 24.
f5 {[%clk 0:10:22]} Re5 {[%clk 0:04:48]} 25. h4 {[%clk 0:09:39]} h6 {[%clk
0:04:24]} 26. Rg1 {[%clk 0:09:10]} Rc6 {[%clk 0:02:59]} 27. g5 {[%clk 0:08:58]}
hxg5 {[%clk 0:03:03]} 28. hxg5 {[%clk 0:09:09]} fxg5 {[%clk 0:03:09]} 29. Rxg5+
{[%clk 0:09:15]} Kf8 {[%clk 0:01:45]} 30. f6 {[%clk 0:08:03]} Rxg5 {[%clk
0:01:44]} 31. Nxg5 {[%clk 0:08:29]} Rc5 {[%clk 0:01:13]} 32. Ne4 {[%clk
0:08:07]} Rh5 {[%clk 0:01:24]} 33. Rf1 {[%clk 0:08:30]} Ke8 {[%clk 0:01:01]}
34. Ng3 {[%clk 0:08:17]} Re5 {[%clk 0:01:20]} 35. Ne4 {[%clk 0:08:32]} Rh5
{[%clk 0:01:35]} 36. Kb2 {[%clk 0:08:26]} Kd7 {[%clk 0:01:15]} 37. a3 {[%clk
0:07:47]} Bd6 {[%clk 0:01:40]} 38. Re1 {[%clk 0:04:59]} Ke6 {[%clk 0:01:08]}
39. Nxd6+ {[%clk 0:03:59]} Kxd6 {[%clk 0:01:30]} 40. Re7 {[%clk 0:04:22]} Rb5
{[%clk 0:00:59]} 41. Rxf7 {[%clk 0:02:57]} Ke6 {[%clk 0:26:59]} 42. Rf8 {[%clk
0:33:18]} Rc5 {[%clk 0:26:34]} 43. Rd8 {[%clk 0:29:24]} Kxf6 {[%clk 0:25:35]}
44. Rxd4 {[%clk 0:29:48]} Ke5 {[%clk 0:24:43]} 45. Ra4 {[%clk 0:29:11]} 1-0

[Event "DVM U14w 2017"]
[Site "Neumünster GER"]
[Date "2017.12.29"]
[Round "5"]
[White "Oswald, Hannah"]
[Black "Wastian, Mareike"]
[Result "1-0"]
[Termination "normal"]
[Board "4.2"]
[WhiteElo "1637"]
[BlackElo "1660"]
[WhiteClock "00:11:48"]
[BlackClock "00:14:40"]
[WhiteTeam "SG Leipzig"]
[BlackTeam "SF Brackel"]
[PlyCount "57"]
[WhiteFideId "16214960"]
[BlackFideId "12947423"]
[EventCountry "GER"]
[EventRounds "7"]
[EventType "team-swiss"]
[EventDate "2017.12.26"]

1. e4 {[%clk 1:30:59]} d5 {[%clk 1:30:54]} 2. exd5 {[%clk 1:31:20]} Nf6 {[%clk
1:31:16]} 3. Nf3 {[%clk 1:31:26]} Bg4 {[%clk 1:31:24]} 4. Bb5+ {[%clk 1:31:32]}
Nbd7 {[%clk 1:31:05]} 5. c4 {[%clk 1:31:06]} e6 {[%clk 1:28:02]} 6. h3 {[%clk
1:14:58]} Bxf3 {[%clk 1:22:35]} 7. Qxf3 {[%clk 1:15:18]} exd5 {[%clk 1:22:18]}
8. cxd5 {[%clk 1:14:23]} Be7 {[%clk 1:21:30]} 9. Nc3 {[%clk 1:07:21]} O-O
{[%clk 1:18:27]} 10. Ba4 Nb6 {[%clk 1:16:18]} 11. Bb3 {[%clk 1:03:19]} Qd7
{[%clk 1:13:44]} 12. O-O {[%clk 1:01:44]} Rad8 {[%clk 1:12:19]} 13. d6 {[%clk
0:57:03]} cxd6 {[%clk 1:08:37]} 14. d3 {[%clk 0:51:37]} d5 {[%clk 1:01:41]} 15.
Bd2 {[%clk 0:43:16]} Rc8 {[%clk 0:56:52]} 16. Rfe1 {[%clk 0:38:01]} Bc5 {[%clk
0:53:13]} 17. Bg5 {[%clk 0:34:25]} Rc6 {[%clk 0:46:04]} 18. Na4 {[%clk
0:25:01]} Bb4 {[%clk 0:41:10]} 19. Nxb6 {[%clk 0:23:24]} Rxb6 {[%clk 0:40:58]}
20. Re5 {[%clk 0:21:12]} d4 {[%clk 0:36:34]} 21. Bxf6 {[%clk 0:20:01]} Rxf6
{[%clk 0:36:21]} 22. Qd5 {[%clk 0:17:37]} Rd6 {[%clk 0:29:05]} 23. Qe4 {[%clk
0:15:43]} Rc8 {[%clk 0:26:49]} 24. Re7 {[%clk 0:14:52]} Qb5 {[%clk 0:20:31]}
25. Bxf7+ {[%clk 0:14:35]} Kh8 {[%clk 0:19:54]} 26. Rxb7 {[%clk 0:14:11]} Qa5
{[%clk 0:17:35]} 27. a3 {[%clk 0:12:18]} Bd2 {[%clk 0:16:28]} 28. Qe7 {[%clk
0:12:02]} Rf6 {[%clk 0:14:40]} 29. Be6 {[%clk 0:11:48]} 1-0

[Event "DVM U14w 2017"]
[Site "Neumünster GER"]
[Date "2017.12.29"]
[Round "5"]
[White "Bünte, Kirsten"]
[Black "Fege, Astrid"]
[Result "1-0"]
[Termination "normal"]
[Board "4.3"]
[WhiteElo "1433"]
[BlackElo "1239"]
[WhiteClock "00:12:19"]
[BlackClock "00:56:03"]
[WhiteTeam "SF Brackel"]
[BlackTeam "SG Leipzig"]
[PlyCount "117"]
[WhiteFideId "16200535"]
[BlackFideId "16217152"]
[EventCountry "GER"]
[EventRounds "7"]
[EventType "team-swiss"]
[EventDate "2017.12.26"]

1. d4 {[%clk 1:30:55]} d5 {[%clk 1:30:57]} 2. c4 {[%clk 1:31:01]} c6 {[%clk
1:31:21]} 3. e3 {[%clk 1:30:46]} e6 {[%clk 1:31:40]} 4. Nf3 {[%clk 1:29:15]}
Nf6 {[%clk 1:31:39]} 5. Nc3 {[%clk 1:27:51]} Nbd7 {[%clk 1:31:25]} 6. Qc2
{[%clk 1:19:50]} Bd6 {[%clk 1:31:21]} 7. Bd3 {[%clk 1:16:49]} O-O {[%clk
1:26:20]} 8. O-O {[%clk 1:16:12]} h6 {[%clk 1:24:35]} 9. b3 {[%clk 1:14:58]}
Re8 {[%clk 1:22:25]} 10. Bb2 {[%clk 1:13:59]} e5 {[%clk 1:20:18]} 11. cxd5
{[%clk 0:58:52]} cxd5 {[%clk 1:18:11]} 12. dxe5 {[%clk 0:53:49]} Nxe5 {[%clk
1:17:56]} 13. Nxe5 {[%clk 0:46:19]} Bxe5 {[%clk 1:18:04]} 14. Ne2 {[%clk
0:36:49]} Bxb2 {[%clk 1:13:27]} 15. Qxb2 {[%clk 0:36:53]} b6 {[%clk 1:12:23]}
16. Nd4 {[%clk 0:35:11]} Bb7 {[%clk 1:11:39]} 17. Rac1 {[%clk 0:34:25]} Rc8
{[%clk 1:08:13]} 18. Rxc8 {[%clk 0:33:11]} Qxc8 {[%clk 1:08:31]} 19. Rc1 {[%clk
0:33:32]} Qd7 {[%clk 1:07:46]} 20. Bb5 {[%clk 0:32:33]} Qe7 {[%clk 1:06:56]}
21. Bxe8 {[%clk 0:32:37]} Qxe8 {[%clk 1:07:17]} 22. h3 {[%clk 0:31:15]} Qd7
{[%clk 1:06:49]} 23. Rc2 {[%clk 0:30:06]} Ne4 {[%clk 1:03:35]} 24. Qc1 {[%clk
0:26:24]} Ba6 {[%clk 0:58:33]} 25. Rc7 {[%clk 0:21:15]} Qe8 {[%clk 0:57:36]}
26. Rc2 {[%clk 0:05:47]} Nd6 {[%clk 0:54:02]} 27. Qa3 {[%clk 0:04:00]} Nb5
{[%clk 0:52:38]} 28. Qxa6 {[%clk 0:03:33]} Nd6 {[%clk 0:52:25]} 29. Qd3 {[%clk
0:03:44]} Qd7 {[%clk 0:51:49]} 30. Qd1 {[%clk 0:03:48]} a5 {[%clk 0:51:11]} 31.
Qc1 {[%clk 0:04:12]} Kh7 {[%clk 0:50:19]} 32. Rc7 {[%clk 0:04:33]} Qd8 {[%clk
0:50:17]} 33. Qc2+ {[%clk 0:04:50]} Kg8 {[%clk 0:49:50]} 34. Qc6 {[%clk
0:04:44]} Kh7 {[%clk 0:49:32]} 35. Rd7 {[%clk 0:04:54]} Qf6 {[%clk 0:49:13]}
36. Qxd6 {[%clk 0:04:56]} Qg5 {[%clk 0:49:09]} 37. Qxd5 {[%clk 0:05:02]} Qf6
{[%clk 0:49:14]} 38. Qxf7 {[%clk 0:05:14]} Qg5 {[%clk 0:48:54]} 39. Qf5+ {[%clk
0:05:25]} Qxf5 {[%clk 0:49:08]} 40. Nxf5 {[%clk 0:05:49]} Kg6 {[%clk 0:49:15]}
41. Nd4 {[%clk 0:05:54]} Kf6 {[%clk 0:49:33]} 42. Rd6+ {[%clk 0:06:16]} Ke5
{[%clk 0:49:52]} 43. Rxb6 {[%clk 0:06:24]} Kd5 {[%clk 0:50:06]} 44. Rb5+ {[%clk
0:06:46]} Kd6 {[%clk 0:50:24]} 45. Rxa5 {[%clk 0:07:09]} Kc7 {[%clk 0:50:47]}
46. Ra6 {[%clk 0:07:30]} Kb7 {[%clk 0:51:11]} 47. Rg6 {[%clk 0:07:53]} Ka7
{[%clk 0:51:29]} 48. Kf1 {[%clk 0:08:09]} Kb7 {[%clk 0:51:52]} 49. Ke2 {[%clk
0:08:35]} Kc7 {[%clk 0:52:16]} 50. Kd3 {[%clk 0:08:59]} Kb7 {[%clk 0:52:43]}
51. Kc4 {[%clk 0:09:25]} Kc7 {[%clk 0:53:06]} 52. Kd5 {[%clk 0:09:49]} Kb7
{[%clk 0:53:31]} 53. Kc5 {[%clk 0:10:13]} Ka7 {[%clk 0:53:57]} 54. Kb5 {[%clk
0:10:36]} Kb7 {[%clk 0:54:25]} 55. Rxg7+ {[%clk 0:10:57]} Kc8 {[%clk 0:54:52]}
56. Ne6 {[%clk 0:11:13]} Kb8 {[%clk 0:55:15]} 57. Kc6 {[%clk 0:11:30]} Ka8
{[%clk 0:55:37]} 58. Kb6 {[%clk 0:11:56]} Kb8 {[%clk 0:56:03]} 59. Rg8# {[%clk
0:12:19]} 1-0

[Event "DVM U14w 2017"]
[Site "Neumünster GER"]
[Date "2017.12.29"]
[Round "5"]
[White "Heck, Jasmin"]
[Black "Elier, Basmalah"]
[Result "1-0"]
[Termination "normal"]
[Board "4.4"]
[WhiteElo "1095"]
[BlackElo "959"]
[WhiteClock "01:02:15"]
[BlackClock "01:15:13"]
[WhiteTeam "SG Leipzig"]
[BlackTeam "SF Brackel"]
[PlyCount "33"]
[WhiteFideId "16217160"]
[BlackFideId "16223004"]
[EventCountry "GER"]
[EventRounds "7"]
[EventType "team-swiss"]
[EventDate "2017.12.26"]

1. d3 {[%clk 1:30:54]} e5 {[%clk 1:30:25]} 2. Nf3 {[%clk 1:31:00]} Nc6 {[%clk
1:30:45]} 3. g3 {[%clk 1:31:06]} Nf6 {[%clk 1:30:14]} 4. Bg2 {[%clk 1:30:27]}
Bc5 {[%clk 1:30:08]} 5. O-O {[%clk 1:28:13]} O-O {[%clk 1:29:06]} 6. Nc3 {[%clk
1:27:49]} d6 {[%clk 1:28:33]} 7. Bg5 {[%clk 1:26:43]} h6 {[%clk 1:28:33]} 8.
Bxf6 {[%clk 1:25:07]} Qxf6 {[%clk 1:28:14]} 9. Nd5 {[%clk 1:21:11]} Qf5 {[%clk
1:24:59]} 10. Kh1 {[%clk 1:16:44]} Qh5 {[%clk 1:22:19]} 11. h4 {[%clk 1:05:54]}
g5 {[%clk 1:19:29]} 12. Nf6+ {[%clk 1:04:36]} Kh8 {[%clk 1:18:29]} 13. Nxh5
{[%clk 1:04:51]} gxh4 {[%clk 1:18:36]} 14. Nxh4 {[%clk 1:03:54]} Bg4 {[%clk
1:16:59]} 15. Qd2 {[%clk 1:02:00]} Kh7 {[%clk 1:15:14]} 16. Nf6+ {[%clk
1:01:49]} Kg7 {[%clk 1:15:13]} 17. Nxg4 {[%clk 1:02:15]} 1-0

[Event "DVM U14w 2017"]
[Site "Neumünster GER"]
[Date "2017.12.29"]
[Round "5"]
[White "Wagner, Victoria"]
[Black "Eulitz, Charlotte"]
[Result "1/2-1/2"]
[Termination "normal"]
[Board "5.1"]
[WhiteElo "1560"]
[BlackElo "1544"]
[WhiteTeam "Erfurter SK"]
[BlackTeam "SC Borussia 1920 Friedrichsfelde"]
[PlyCount "50"]
[WhiteFideId "16232348"]
[BlackFideId "12964654"]
[EventCountry "GER"]
[EventRounds "7"]
[EventType "team-swiss"]
[EventDate "2017.12.26"]

1. e4 e5 2. Nf3 Nc6 3. Bc4 Bc5 4. O-O d6 5. d3 Nf6 6. c3 a6 7. a4 Ba7 8. Nbd2
O-O 9. Re1 h6 10. Nf1 Nh5 11. Ne3 Nf4 12. Nf5 Bxf5 13. exf5 Qf6 14. Bxf4 exf4
15. d4 Qxf5 16. Bd3 Qf6 17. Bc2 Ne7 18. Qd3 Ng6 19. h4 Rfe8 20. Re4 d5 21. Ree1
Nf8 22. h5 g6 23. hxg6 fxg6 24. Ne5 Kg7 25. Re2 Re7 1/2-1/2

[Event "DVM U14w 2017"]
[Site "Neumünster GER"]
[Date "2017.12.29"]
[Round "5"]
[White "Berghold, Lotta"]
[Black "Günther, Amelie"]
[Result "1/2-1/2"]
[Termination "normal"]
[Board "5.2"]
[WhiteElo "1369"]
[BlackElo "1467"]
[WhiteTeam "SC Borussia 1920 Friedrichsfelde"]
[BlackTeam "Erfurter SK"]
[PlyCount "40"]
[WhiteFideId "16243463"]
[BlackFideId "12995630"]
[EventCountry "GER"]
[EventRounds "7"]
[EventType "team-swiss"]
[EventDate "2017.12.26"]

1. d4 d5 2. Nf3 e6 3. e3 f5 4. Bd3 Nf6 5. Ne5 Bd6 6. f4 O-O 7. O-O Bd7 8. Nd2
c6 9. Ndf3 Be8 10. Qe1 Ne4 11. Bd2 Nd7 12. Nxd7 Bxd7 13. Ne5 Be8 14. Qd1 Bxe5
15. fxe5 Qg5 16. Bxe4 fxe4 17. Rxf8+ Kxf8 18. Qf1+ Kg8 19. Qf2 Bg6 20. Rf1 Qf5
1/2-1/2

[Event "DVM U14w 2017"]
[Site "Neumünster GER"]
[Date "2017.12.29"]
[Round "5"]
[White "Wagner, Margarethe"]
[Black "Oschlies, Tami"]
[Result "1/2-1/2"]
[Termination "normal"]
[Board "5.3"]
[WhiteElo "1490"]
[BlackElo "1387"]
[WhiteTeam "Erfurter SK"]
[BlackTeam "SC Borussia 1920 Friedrichsfelde"]
[PlyCount "67"]
[WhiteFideId "16236947"]
[BlackFideId "16217365"]
[EventCountry "GER"]
[EventRounds "7"]
[EventType "team-swiss"]
[EventDate "2017.12.26"]

1. e4 c5 2. Nf3 d6 3. d4 cxd4 4. Nxd4 Nc6 5. Nc3 e6 6. Be3 a6 7. Nxc6 bxc6 8.
Bd3 Be7 9. O-O Nf6 10. Qf3 O-O 11. Rad1 Qc7 12. Ne2 d5 13. exd5 cxd5 14. Nf4
Bb7 15. Nh5 Nxh5 16. Qxh5 g6 17. Qh3 Bf6 18. c3 Rfd8 19. Rc1 Qd6 20. Qg4 d4 21.
cxd4 Bxd4 22. Bxd4 Qxd4 23. Qxd4 Rxd4 24. Rfd1 Rad8 25. Be2 Rd2 26. b4 f5 27.
a3 Rxd1+ 28. Rxd1 Rxd1+ 29. Bxd1 Kf7 30. Be2 Ke7 31. Kf1 h6 32. g3 g5 33. Ke1
Kd6 34. Kd2 1/2-1/2

[Event "DVM U14w 2017"]
[Site "Neumünster GER"]
[Date "2017.12.29"]
[Round "5"]
[White "Relógio Stauber, Anna"]
[Black "Westerhoff, Emily"]
[Result "1-0"]
[Termination "normal"]
[Board "5.4"]
[WhiteElo "1219"]
[BlackElo "879"]
[WhiteTeam "SC Borussia 1920 Friedrichsfelde"]
[BlackTeam "Erfurter SK"]
[PlyCount "53"]
[WhiteFideId "16255771"]
[BlackFideId "16255798"]
[EventCountry "GER"]
[EventRounds "7"]
[EventType "team-swiss"]
[EventDate "2017.12.26"]

1. d4 Nf6 2. Nf3 e6 3. e3 Bd6 4. Bd3 b6 5. O-O Bb7 6. Nbd2 c5 7. c3 Qc7 8. e4
cxd4 9. cxd4 Ng4 10. e5 Be7 11. h3 Nh6 12. Ne4 f5 13. Neg5 Bxg5 14. Bxg5 Nf7
15. Rc1 Nc6 16. a3 Nxg5 17. Nxg5 d6 18. Nxe6 Qd7 19. Ng5 Nxd4 20. exd6 Qxd6 21.
Re1+ Kf8 22. Bc2 Qf6 23. Nf3 Nxf3+ 24. gxf3 Qg5+ 25. Kf1 Qf4 26. Qd7 Bc8 27.
Re8# 1-0

[Event "DVM U14w 2017"]
[Site "Neumünster GER"]
[Date "2017.12.29"]
[Round "5"]
[White "Ziegenfuß, Larissa"]
[Black "Fricke, Edna Marlene"]
[Result "1-0"]
[Termination "normal"]
[Board "6.1"]
[WhiteElo "1691"]
[BlackElo "1410"]
[WhiteTeam "SG Blau-Weiß Stadtilm"]
[BlackTeam "SV SF Friedrichshagen"]
[PlyCount "89"]
[WhiteFideId "12974722"]
[BlackFideId "12988839"]
[EventCountry "GER"]
[EventRounds "7"]
[EventType "team-swiss"]
[EventDate "2017.12.26"]

1. e4 c5 2. Nc3 Nc6 3. Nge2 g6 4. g3 Bg7 5. Bg2 d6 6. O-O e6 7. d3 Nge7 8. Be3
Nd4 9. Qd2 O-O 10. f4 f5 11. Nd1 Rb8 12. c3 Nxe2+ 13. Qxe2 b6 14. Nf2 Bb7 15.
Rae1 Nc6 16. Bd2 d5 17. exf5 exf5 18. Qe6+ Kh8 19. Qxd5 Qxd5 20. Bxd5 Rf6 21.
Re3 Rd6 22. Bg2 Ba6 23. Rfe1 Kg8 24. Re6 Rxe6 25. Rxe6 Nd8 26. Re7 Bb7 27. Bxb7
Nxb7 28. Kg2 Bf6 29. Rd7 a6 30. Be3 h6 31. d4 cxd4 32. Bxd4 Bxd4 33. cxd4 Nd8
34. d5 Nf7 35. Nd3 a5 36. Ne5 Nxe5 37. fxe5 Rc8 38. Kf3 g5 39. Rd6 Rc5 40. Ke3
Rb5 41. b3 Kf7 42. Rd7+ Ke8 43. e6 Rc5 44. Kd4 Rc3 45. Ke5 1-0

[Event "DVM U14w 2017"]
[Site "Neumünster GER"]
[Date "2017.12.29"]
[Round "5"]
[White "Kirschner, Elena"]
[Black "Pflugradt, Natalie"]
[Result "0-1"]
[Termination "normal"]
[Board "6.2"]
[WhiteElo "1346"]
[BlackElo "1420"]
[WhiteTeam "SV SF Friedrichshagen"]
[BlackTeam "SG Blau-Weiß Stadtilm"]
[PlyCount "70"]
[WhiteFideId "16205804"]
[BlackFideId "16212444"]
[EventCountry "GER"]
[EventRounds "7"]
[EventType "team-swiss"]
[EventDate "2017.12.26"]

1. e4 e5 2. Nf3 Nc6 3. Bc4 Bc5 4. c3 Nf6 5. d3 d6 6. Bb3 a6 7. O-O Be6 8. Bc2
Ba7 9. Nbd2 Qd7 10. a4 O-O-O 11. b4 Ne7 12. Re1 h6 13. Nb3 Bxb3 14. Bxb3 Ng4
15. d4 f5 16. h3 fxe4 17. Rxe4 Nf6 18. Re1 e4 19. Nh2 g5 20. Qc2 d5 21. b5 a5
22. Ba3 Rdg8 23. Red1 h5 24. Re1 g4 25. h4 g3 26. fxg3 Rxg3 27. Qf2 Rg6 28.
Bxe7 Qxe7 29. Qf5+ Kb8 30. Qxg6 Bb6 31. Rf1 Rf8 32. Qg5 Qd6 33. Qe5 Qxe5 34.
Rf2 Qd6 35. Raf1 c6 0-1

[Event "DVM U14w 2017"]
[Site "Neumünster GER"]
[Date "2017.12.29"]
[Round "5"]
[White "Schmidt, Pauline"]
[Black "Kessen, Fanny"]
[Result "1-0"]
[Termination "normal"]
[Board "6.3"]
[WhiteElo "1271"]
[BlackElo "1203"]
[WhiteTeam "SG Blau-Weiß Stadtilm"]
[BlackTeam "SV SF Friedrichshagen"]
[PlyCount "111"]
[WhiteFideId "16209850"]
[BlackFideId "16217357"]
[EventCountry "GER"]
[EventRounds "7"]
[EventType "team-swiss"]
[EventDate "2017.12.26"]

1. e4 c5 2. Nc3 Nc6 3. Nge2 g6 4. g3 Bg7 5. Bg2 d6 6. d3 e6 7. h4 b6 8. h5 gxh5
9. Rxh5 Bb7 10. Be3 Nd4 11. Nf4 Qd7 12. Qd2 Ne7 13. O-O-O O-O-O 14. Nce2 Qa4
15. a3 Kb8 16. Nc3 Qd7 17. Rg1 h6 18. Bh3 Qc7 19. Kb1 Ng6 20. Bxd4 cxd4 21.
Nce2 Nxf4 22. Nxf4 Rc8 23. Rc1 Qc6 24. Qb4 Rc7 25. Ne2 e5 26. f4 Bf6 27. Rf5
Bg7 28. Qb3 f6 29. c4 h5 30. fxe5 dxe5 31. Rf2 Bh6 32. Rcf1 Bg5 33. Bf5 h4 34.
Rh2 Bc8 35. Bxc8 Rcxc8 36. gxh4 Bxh4 37. Rfh1 f5 38. Rxh4 Rxh4 39. Rxh4 f4 40.
Ng1 Rf8 41. Nf3 Qg6 42. Qb4 Rf7 43. Rh8+ Kb7 44. Rf8 Rh7 45. Nxe5 Qg5 46. Rf5
Qg3 47. Qd2 Rh1+ 48. Ka2 Rf1 49. Rf7+ Kc8 50. Qb4 Qh4 51. Qd6 Qd8 52. Rf8 Qxf8
53. Qxf8+ Kb7 54. Qe7+ Ka6 55. Nc6 b5 56. Qxa7# 1-0